<?xml version="1.0" encoding="UTF-8"?>
<collection xmlns="http://www.loc.gov/MARC21/slim">
 <record>
  <leader>00474pamaa2200157   4500</leader>
  <controlfield tag="001">0000019062</controlfield>
  <controlfield tag="005">20060807090000.0</controlfield>
  <datafield tag="020" ind1="0" ind2="0">
   <subfield code="a">0563208759 </subfield>
  </datafield>
  <datafield tag="082" ind1=" " ind2=" ">
   <subfield code="a">330.9 HOR 1990</subfield>
  </datafield>
  <datafield tag="090" ind1="0" ind2="0">
   <subfield code="a">DS889 </subfield>
   <subfield code="b">HOR 1990</subfield>
  </datafield>
  <datafield tag="100" ind1="1" ind2="0">
   <subfield code="a">HORSLEY </subfield>
  </datafield>
  <datafield tag="245" ind1="1" ind2="0">
   <subfield code="a">Nippon : </subfield>
   <subfield code="b">new superpower Japan since 1945  </subfield>
   <subfield code="c">William Horsley and Roger Buckley.</subfield>
  </datafield>
  <datafield tag="260" ind1="0" ind2="0">
   <subfield code="a">London: </subfield>
   <subfield code="b">BBC Books, </subfield>
   <subfield code="c">1990.</subfield>
  </datafield>
  <datafield tag="300" ind1=" " ind2=" ">
   <subfield code="a">ix, 277p.: </subfield>
   <subfield code="b">24cm.</subfield>
  </datafield>
  <datafield tag="651" ind1="0" ind2="0">
   <subfield code="a">Japan -- </subfield>
   <subfield code="x">History -- </subfield>
   <subfield code="y">1945- </subfield>
  </datafield>
  <datafield tag="651" ind1="0" ind2="0">
   <subfield code="a">Japan -- </subfield>
   <subfield code="x">Economic policy -- </subfield>
   <subfield code="y">1945- </subfield>
  </datafield>
 </record>
</collection>
